00364nam a2200133Ia 450000500170000000800410001702000150005808200130007310000150008624500390010126000330014030000170017350000400019020250122021447.0240331s9999 xx 000 0 und d a9559518518 bRAJa920 aRajah, S.J 2aA life-sketch of Tambimuttu Pillay aColombobP. Tambimuttuc1988 avi, 70 p .,  aA Story of Mr.S. Tambimuttu Pillay